| Tag |
First Indicator |
Second Indicator |
Subfields |
| LEADER |
00000cam a2200000 4500 |
| 001 |
in00000063384 |
| 005 |
20151008051743.0 |
| 008 |
800508s1949 ctu b 00010 eng d |
| 035 |
|
|
|a (OCoLC)06294126
|
| 035 |
|
|
|9 AAG9788AM
|
| 040 |
|
|
|a TXA
|c TXA
|d UtOrBLW
|
| 049 |
|
|
|a TXAM
|c [195301]
|
| 050 |
|
0 |
|a HJ2013
|b .U5 W5
|
| 092 |
|
|
|a 336.73
|b W743s
|
| 100 |
1 |
|
|a Wilmerding, Lucius,
|d 1906-2002.
|
| 245 |
1 |
4 |
|a The spending power ;
|b a history of the efforts of Congress to control expenditures /
|c by Lucius Wilmerding, jr.
|
| 264 |
|
1 |
|a New Haven :
|b Yale university press;
|a London :
|b H. Milford, Oxford university press,
|c [1949]
|
| 300 |
|
|
|a v pages, 2 ., [3]-317 pages ;
|c 21 cm.
|
| 336 |
|
|
|a text
|b txt
|2 rdacontent
|
| 337 |
|
|
|a unmediated
|b n
|2 rdamedia
|
| 338 |
|
|
|a volume
|b nc
|2 rdacarrier
|
| 504 |
|
|
|a Bibliographical foot-notes.
|
| 610 |
1 |
0 |
|a United States.
|b Congress
|x Powers and duties.
|
| 650 |
|
0 |
|a Finance
|z United States
|x History.
|
| 651 |
|
0 |
|a United States
|x Appropriations and expenditures.
|
| 999 |
|
|
|a MARS
|
| 999 |
f |
f |
|s 10686f77-2d22-3f18-add0-c6b8d6e575ae
|i f3742c1d-5bf8-3e83-be98-1542f15b5bcb
|t 0
|
| 952 |
f |
f |
|p ric
|a Texas A&M University
|b Rellis Campus
|c Joint Library Facility
|d Remote Storage
|t 0
|e HJ2013 .U5 W5
|h Library of Congress classification
|i unmediated -- volume
|m A14800752379
|
| 998 |
f |
f |
|a HJ2013 .U5 W5
|t 0
|l Remote Storage
|